| 000 | nam a22 7a 4500 | ||
|---|---|---|---|
| 999 |
_c1608 _d1608 |
||
| 005 | 20170511102552.0 | ||
| 008 | 170511b1986 ohu||||| |||| 00| 0 eng d | ||
| 020 | _a0538086815 | ||
| 040 | _aAKMAL | ||
| 082 | _a330 AMA | ||
| 090 |
_a330 _bAMA |
||
| 100 | 1 |
_aAmacher, Ryan C _93266 |
|
| 245 | 1 | 0 |
_aPrinciples of microeconomics / _cRyan C. Amacher, Holley H. Ulbrich. |
| 250 | _a3rd ed. | ||
| 260 |
_aCincinnati : _bSouth-Western Pub. Co., _cc1986 |
||
| 300 |
_axiii, 606 p. : _bill. (some col.) ; _c26cm |
||
| 500 | _a Includes index. | ||
| 650 | 0 |
_aMicroeconomics _93267 |
|
| 700 | 1 |
_aUlbrich, Holley H. _93268 |
|
| 942 |
_2ddc _cBOOK |
||